| 000 | 01308 a2200253 4500 | ||
|---|---|---|---|
| 001 | 4861 | ||
| 005 | 20260407155436.0 | ||
| 008 | 260407a1968 arg spa d | ||
| 003 | AR-UNSa-BCEJYS | ||
| 040 |
_aAR-UNSa-BCEJYS _bspa _cAR-UNSa-BCEJYS |
||
| 080 |
_a512 _xAlgebra |
||
| 245 | 1 | 0 | _aFundamentos de matemáticas universitarias |
| 250 | _a2a. ed. | ||
| 264 | 1 |
_aMadrid : _bMcGraw-Hill _c1968 |
|
| 300 |
_a600 p. _c23 cm. |
||
| 505 | _a1. El método matemático - 2. El sistema de los números - 3. Polinomios - 4. Fracciones algebraicas - 5. Exponentes y radicales - 6. Ecuaciones - 7. Vectores y matrices - 8. Desigualdades - 9. Funciones y relaciones - 10. Funciones algebraicas - 11. Funciones exponenciales y logaritmicas - 12. Funciones trigonometricas de angulos - 13. Funciones trigonométricas de números reales - 14. Geometria análitica - 15. Integración intuitiva - 16. Derivación intuitiva - 17. Funciones hiperbólicas | ||
| 942 | _cBK | ||
| 590 | _aniveau_biblio:m niveau_hierar:0 | ||
| 100 | 1 | _aAllendoerfer, Carl B. | |
| 700 | 1 | _aOakley, Cletus O. | |
| 700 | 1 | _aCuéllar Caturla, Trinidad | |
| 700 | 1 | _aDíaz de la Cruz Cuesta, Francisco | |
| 856 | 4 | 1 |
_uhttps://t1.gstatic.com/images?q=tbn:ANd9GcTLqThDzykSlP2N9U9ph28vsJ0yaa7TtDGl9bVaUG6tOXr7a7FxIA _yImagen de portada _qimage/jpeg |
| 999 |
_c439 _d439 |
||